AHL Ice Hockey Team Logos Quiz - Statistics

General Stats
  • This quiz has been taken 475 times
  • The average score is 24 of 32
Answer Stats
Picture Answer % Correct
Hershey Bears
98%
Iowa Wild
97%
Wilkes Barre Scranton Penguins
96%
Texas Stars
95%
Manitoba Moose
93%
Chicago Wolves
90%
Bridgeport Islanders
87%
Rochester Americans
86%
Coachella Valley Firebirds
83%
San Diego Gulls
80%
Colorado Eagles
77%
Providence Bruins
77%
Laval Rocket
76%
Abbotsford Canucks
75%
Milwaukee Admirals
75%
Ontario Reign
75%
Belleville Senators
73%
Grand Rapids Griffins
73%
Hartford Wolf Pack
73%
Toronto Marlies
72%
San Jose Barracuda
71%
Cleveland Monsters
70%
Tuscon Roadrunners
70%
Utica Comets
70%
Lehigh Valley Phantoms
69%
Henderson Silver Knights
68%
Charlotte Checkers
67%
Syracuse Crunch
67%
Rockford IceHogs
64%
Bakersfield Condors
63%
Springfield Thunderbirds
61%
Calgary Wranglers
58%
No matching quizzes found
Score Distribution
Percent of People with Each Score
Percentile by Number Answered
Your Score History
You have not taken this quiz